Small Things Like These by Claire Keegan - Statistics

General Stats
  • This quiz has been taken 9 times
  • The average score is 12 of 15
Answer Stats
Hint Answer % Correct
Year in which the book takes place 1985
100%
Protagonist's name Bill Furlong
100%
Holiday during which the book takes place Christmas
100%
His wife's name Eileen Furlong
100%
His mother's name Sarah Furlong
100%
Main character's area of business Coal merchant
86%
Setting of the book New Ross, co. Wexford
86%
Name of the character rescued by the protagonist Sarah Redmond
86%
Number of Chapters Seven
86%
Actor who portrays the protagonist in the film Cillian Murphy
71%
Mrs. Wilson's religious denomination Protestant
71%
Inhumane institution run by local nuns Magdalene Laundry
57%
Farmhand who worked for Mrs Wilson Ned
57%
"The nuns have their finger in every ___" Pie
57%
Order of nuns which runs said institution The Good Shepherd
14%
No matching quizzes found
Score Distribution
Percent of People with Each Score
Percentile by Number Answered
Your Score History
You have not taken this quiz